00513npc a2200169Ia 4500001001400000003001000014008004100024040002500065041000700090100002200097245007800119250001100197260005300208300001100261500005600272650001500328dp5/23-52286 IT-MiCISF161014s9999||||xx | und|| aIT-MiCISFcIT-MiCISF ait aUwumukiza Casimir 0aLe mariage entre anthroplogie et christologie dans l'oeuvre de Tertullien a1a ed. a RomabPontificia Università Lateranensec2012 app. 84 a / matrimonio-sacramento, teologia, antropologia /  amatrimonio